000 00644nam a2200217Ii 4500
003 JO-AjNU
008 230606s9999||||xx |||||||||||||| ||und||
020 _a978-1-4051-1928-3
040 _aJO-AjNU
_beng
_erda
_cJO-AjNU
041 _aeng
050 1 4 _aPR1134.B74 2008
100 3 _aEdited by: DEMARIA,ROBERT,
_eauthor
_92056
245 0 0 _aBritish Literature 1640-1789 AN ANTHOLOGY
250 _a3 ed
264 3 1 _aUSA: Blackwell Publishing, 2010
300 _a1135P
336 _atext
_btxt
_2rdacontent
337 _aunmediated
_bn
_2rdamedia
338 _avolume
_bnc
_2rdacarrier
650 4 _aEnglish Literature - 15thCentury
_92057
999 _aE1080
_c1080
_d1080